Statistics for Musical Artist by Food PJP

Click here to take the quiz!

General Stats

  • This quiz has been taken 27 times
  • The average score is 9 of 14

Answer Stats

HintAnswer% Correct
Californication - Red Hot _____ _______Chili Peppers
91%
Wannabe - The _____ GirlsSpice
91%
Johnny B Goode - Chuck _____Berry
87%
1979 - The Smashing ________Pumpkins
87%
I gotta Feeling - _____ ___ ____Black Eyed Peas
83%
Ice Ice Baby - _______ IceVanilla
83%
Jeremy - Pearl ___Jam
78%
(Don't Fear) the Reaper - Blue ______ CultOyster
78%
No Rain - Blind _____Melon
52%
Sunshine of Your Love - _____Cream
48%
Paradise by the Dashboard Light - ____ ____Meat Loaf
48%
Linger - The ___________Cranberries
39%
Echo Beach - Martha and the _______Muffins
26%
Short Skirt/Long Jacket - ____Cake
9%

Score Distribution

Percentile by Number Answered

Percent of People with Each Score

Your Score History

You have not taken this quiz